000 00594nam a2200229Ia 4500
003 OSt
005 20221007080920.0
006 a|||||r|||| 00| 0
007 ta
008 221006b |||||||| |||| 00| 0 eng d
024 _a14,352
037 _cTextual
040 _aFLL
_cFLL
_beng
041 _2eng
_aeng
082 _aX:54, K9
100 _aSalera V. Au.
_9695866
245 0 _aMultinational business
260 _aNew York
_bHoughton mifflin company U.S.A.
_c1964
300 _a459p
_ccm.
942 _hX:54, K9
_cTEXL
_2CC
999 _c1161350
_d1161350